000 00316nam a22001337a 4500
008 211019b ||||| |||| 00| 0 eng d
041 _aeng
080 _a579
082 _a579
100 _a11
101 _aBIO
245 _aThe Pearson Custom Library for the Biological Sciences
_cAlexander,M
942 _2udc
_cBK
999 _c58287
_d58287